SOME TRIASSIC MIOSPORES FROM WEST CARPATHIANS

Bibliographic Details
Main Author: Čorná, Oľa (Author)
Format: Article
Language:English

MARC

LEADER 00000nab a2200000ua 4500
001 vtls010850557
003 SK-MaSNL
005 20260303220011.0
008 230218s1969 xo |||||||||||||||||eng|
035 |a (urnnbn)urn:nbn:sk:snk:ar-a07alr 
035 |a urn:nbn:sk:snk-ab6azx 
035 |a (uuid)5d5e978f-e93a-435e-a468-651eec49616e 
040 |a SNKBUCL  |b slo  |c SNKBUCL  |e AACR2 
041 0 |a eng 
044 |a xo  |c SK 
100 1 |a Čorná, Oľa  |4 aut  |9 1155704 
245 1 0 |a SOME TRIASSIC MIOSPORES FROM WEST CARPATHIANS  |c Oľga Čorná 
773 0 |t Geologický zborník  |g Roč. 20, č. 1 (1969), s. 177-193 
958 |a OND 
958 |a EUIPO 
958 |a article5 
999 |c 2224539  |d 2226469